| 000 | 00805nmc a2200301 a 4500 | ||
|---|---|---|---|
| 003 | AR-BaBNM | ||
| 005 | 20251128205936.0 | ||
| 008 | 018019s1998 ||||||||||||||000 | spa|| | ||
| 020 | _a950-02-8432-4 | ||
| 040 | _cAR-BaBNM | ||
| 100 | 1 | _aBrandán Aráoz, María | |
| 245 | 1 | 0 | _aLuces raras y otros misterios |
| 250 | _a1ª ed. | ||
| 260 |
_aBuenos Aires _bEl Ateneo _c1998 |
||
| 300 |
_a49 p. _bil. |
||
| 490 | 0 |
_aCuenta conmigo _vv. 4 |
|
| 650 | 4 | _aLITERATURA ARGENTINA | |
| 650 | 4 | _aLITERATURA INFANTIL | |
| 650 | 4 | _aLIBROS PARA NINOS | |
| 650 | 4 | _aCUENTOS DE AVENTURAS | |
| 653 | _aCUENTO FANTASTICO | ||
| 653 | _aCUENTO MARAVILLOSO | ||
| 655 | _aLITERATURA | ||
| 700 | 1 |
_aMartín, Silvia _eilustrador |
|
| 800 | 1 |
_aPerriconi, Graciela _edirector |
|
| 942 | _cBK | ||
| 998 | _cMARTIN | ||
| 999 |
_c13405 _d13405 |
||